[Event "Cearense Interioran op"]
[Site "Fortaleza"]
[Date "2017.09.13"]
[Round "5"]
[White "De Medeiros Amorim, Daniel Madson"]
[Black "Lemos, Dawton Almino"]
[Result "0-1"]
[WhiteElo "2155"]
[BlackElo "2206"]
[PlyCount "68"]
[EventDate "2017.09.09"]
[EventType "swiss"]
[EventRounds "5"]
[EventCountry "BRA"]
[SourceTitle "EXT 2019"]
[Source "ChessBase"]
[SourceDate "2018.10.10"]
[SourceVersion "1"]
[SourceVersionDate "2018.10.10"]
[SourceQuality "1"]

1. c4 Nf6 2. g3 e6 3. Bg2 d5 4. Nf3 Be7 5. 0-0 0-0 6. b3 c5 7. Bb2 Nc6 8. e3 b6 9. Nc3 Ba6 10. d3 Qd7 11. Qe2 Rad8 12. Rfd1 Rfe8 13. Rd2 d4 14. exd4 cxd4 15. Nb5 e5 16. Ng5 Bxb5 17. cxb5 Na5 18. Rc2 Bc5 19. Bc6 Nxc6 20. bxc6 Qd6 21. a3 h6 22. Ne4 Nxe4 23. Qxe4 a5 24. b4 axb4 25. axb4 Bxb4 26. c7 Rc8 27. Rc6 Qe7 28. Ra7 Bc5 29. Qd5 e4 30. Bxd4 exd3 31. Bxc5 Qe1+ 32. Kg2 d2 33. Bb4 d1Q 34. Qf5 Qf1# 0-1